<?xml version="1.0" encoding="UTF-8"?><?xml-stylesheet type="text/xsl" href="static/style.xsl"?><OAI-PMH xmlns="http://www.openarchives.org/OAI/2.0/" xmlns:xsi="http://www.w3.org/2001/XMLSchema-instance" xsi:schemaLocation="http://www.openarchives.org/OAI/2.0/ http://www.openarchives.org/OAI/2.0/OAI-PMH.xsd"><responseDate>2026-04-17T13:34:30Z</responseDate><request verb="GetRecord" identifier="oai:riubu.ubu.es:10259/9747" metadataPrefix="marc">https://riubu.ubu.es/oai/request</request><GetRecord><record><header><identifier>oai:riubu.ubu.es:10259/9747</identifier><datestamp>2024-11-30T01:05:14Z</datestamp><setSpec>com_10259_4313</setSpec><setSpec>com_10259_5086</setSpec><setSpec>com_10259_2604</setSpec><setSpec>col_10259_4314</setSpec></header><metadata><record xmlns="http://www.loc.gov/MARC21/slim" xmlns:doc="http://www.lyncode.com/xoai" xmlns:xsi="http://www.w3.org/2001/XMLSchema-instance" xmlns:dcterms="http://purl.org/dc/terms/" xsi:schemaLocation="http://www.loc.gov/MARC21/slim http://www.loc.gov/standards/marcxml/schema/MARC21slim.xsd">
<leader>00925njm 22002777a 4500</leader>
<datafield tag="042" ind1=" " ind2=" ">
<subfield code="a">dc</subfield>
</datafield>
<datafield tag="720" ind1=" " ind2=" ">
<subfield code="a">Arnáiz Alonso, Ana</subfield>
<subfield code="e">author</subfield>
</datafield>
<datafield tag="720" ind1=" " ind2=" ">
<subfield code="a">Guembe García, Marta</subfield>
<subfield code="e">author</subfield>
</datafield>
<datafield tag="720" ind1=" " ind2=" ">
<subfield code="a">Martínez Yubero, Mario Andrés</subfield>
<subfield code="e">author</subfield>
</datafield>
<datafield tag="720" ind1=" " ind2=" ">
<subfield code="a">Trigo López, Miriam</subfield>
<subfield code="e">author</subfield>
</datafield>
<datafield tag="720" ind1=" " ind2=" ">
<subfield code="a">González, Edurne</subfield>
<subfield code="e">author</subfield>
</datafield>
<datafield tag="720" ind1=" " ind2=" ">
<subfield code="a">Otsuka, Issei</subfield>
<subfield code="e">author</subfield>
</datafield>
<datafield tag="720" ind1=" " ind2=" ">
<subfield code="a">Vallejos Calzada, Saúl</subfield>
<subfield code="e">author</subfield>
</datafield>
<datafield tag="260" ind1=" " ind2=" ">
<subfield code="c">2025-02</subfield>
</datafield>
<datafield tag="520" ind1=" " ind2=" ">
<subfield code="a">Legionella pneumophila is a significant public health threat, responsible for severe diseases such as Legionnaires’ disease. Traditional detection methods are often labour-intensive, time-consuming, and require sophisticated equipment. This study introduces smart fluorogenic polymeric materials for the naked-eye detection of L. pneumophila via protease activity. These materials, prepared as hydrophilic films, cellulose-coated linear copolymers, and electrospun nanofibers, operate on an OFF/ON FRET system, emitting fluorescence under UV light upon interaction with L. pneumophila proteases. Characterisation confirmed the successful immobilisation of the peptide substrate and its response to proteases. The sensors showed moderate to high sensitivity and specificity, with detection limits of 2.91 × 105, 3.64 × 10⁵, and 4.04 × 105 CFUs/mL for the film, copolymer, and nanofiber formats, respectively. Cross-reactivity tests identified only Pseudomonas aeruginosa as an interferent. This novel approach offers rapid, simple, and cost-effective L. pneumophila detection with visible results under UV light, suitable for clinical and environmental samples. It highlights the potential for broader pathogen detection applications.</subfield>
</datafield>
<datafield tag="024" ind2=" " ind1="8">
<subfield code="a">0925-4005</subfield>
</datafield>
<datafield tag="024" ind2=" " ind1="8">
<subfield code="a">http://hdl.handle.net/10259/9747</subfield>
</datafield>
<datafield tag="024" ind2=" " ind1="8">
<subfield code="a">10.1016/j.snb.2024.136976</subfield>
</datafield>
<datafield ind1=" " ind2=" " tag="653">
<subfield code="a">Polyacrylic films</subfield>
</datafield>
<datafield ind1=" " ind2=" " tag="653">
<subfield code="a">Linear polymer</subfield>
</datafield>
<datafield ind1=" " ind2=" " tag="653">
<subfield code="a">Electrospun nanofibers</subfield>
</datafield>
<datafield ind1=" " ind2=" " tag="653">
<subfield code="a">Fluorescence</subfield>
</datafield>
<datafield ind1=" " ind2=" " tag="653">
<subfield code="a">Legionella</subfield>
</datafield>
<datafield ind1=" " ind2=" " tag="653">
<subfield code="a">Smart material</subfield>
</datafield>
<datafield ind1=" " ind2=" " tag="653">
<subfield code="a">Polymeric sensors</subfield>
</datafield>
<datafield tag="245" ind1="0" ind2="0">
<subfield code="a">Naked-eye detection of Legionella pneumophila using smart fluorogenic polymers prepared as hydrophilic films, coatings, and electrospun nanofibers</subfield>
</datafield>
</record></metadata></record></GetRecord></OAI-PMH>